| 000 | 01164cab a22002175a 4500 | ||
|---|---|---|---|
| 001 | L140152 | ||
| 008 | 070907e2007 xxk f 000 0 eng d | ||
| 022 | _a09650911 | ||
| 035 | _a(Sirsi) u140152 | ||
| 041 | 0 | _aeng | |
| 100 | 1 | _aWalker, Douglas | |
| 245 | 0 | 0 | _aCertification of building structural design in Scotland |
| 260 | _c2007 | ||
| 490 | 0 |
_aProceedings of the Institution of Civil Engineers _bStructures and Buildings _v160(3) June 2007, 125-128(4) |
|
| 520 | _aDiscusses the building standards regulations introduced Scotland in 2005 and how this has radically changed the way in which design can be certified for building regulation compliance. Outlines roles and responsibilities and the scope of the certification scheme. Comments on the risks and liabilies. Concludes that the success of Scottish legislation and the introduction of similar certification both in Scotland and throughought the rest of the UK will depend on the success of this first design certification scheme. | ||
| 590 | _aka | ||
| 650 | 2 | 4 | _aBUILDING (SCOTLAND) REGULATIONS 2004 |
| 651 | 4 |
_aScotland _y1999- |
|
| 690 | _aBUILT ENVIRONMENT-BUILDING STANDARDS | ||
| 942 | _n0 | ||
| 999 |
_c79209 _d79209 |
||